Größte Städte der Welt nach Buchstabe - M - Statistiken

Allgemein
  • Dieses Quiz wurde 559 mal gespielt
  • Das Durchschnittsergebnis liegt bei 15 aus 24
Antwortstatistiken
Land Bevölkerung Stadt % Korrekt
Spanien 6,85 Mio. Madrid
98%
Mexiko 24,9 Mio. Mexiko-Stadt
98%
Russland 18,8 Mio. Moskau
98%
Italien 6,10 Mio. Mailand
97%
Deutschland 2,28 Mio. München
95%
Vereinigtes Königreich 3,13 Mio. Manchester
92%
Philippinen 26,7 Mio. Manila
92%
Belarus 2,05 Mio. Minsk
91%
Australien 4,95 Mio. Melbourne
88%
Indien 26,6 Mio. Mumbai
87%
Kanada 4,38 Mio. Montreal
77%
USA 6,45 Mio. Miami
73%
Somalia 2,13 Mio. Mogadischu
65%
Mosambik 2,45 Mio. Maputo
54%
Saudi-Arabien 2,33 Mio. Mekka
54%
Kolumbien 4,23 Mio. Medellín
49%
Brasilien 2,33 Mio. Manaus
42%
USA 3,30 Mio. Minneapolis
41%
Mexiko 5,85 Mio. Monterrey
41%
Venezuela 2,75 Mio. Maracaibo
21%
Iran 3,35 Mio. Maschhad
15%
Indonesien 4,15 Mio. Medan
14%
Pakistan 2,28 Mio. Multan
8%
Demokratische Republik Kongo 2,33 Mio. Mbuji-Mayi
5%
Keine übereinstimmenden Quizze gefunden
Verteilung der Resultate
Anzahl Personen mit jedem Resultat
Perzentil nach korrekt beantworteten Fragen
Ihre Resultats-Entwicklung
Sie haben dieses Quiz noch nicht gespielt